Agronegocios : empresa y emprendimiento /
Guardado en:
| Autor Principal: | |
|---|---|
| Formato: | Libro |
| Idioma: | Undetermined |
| Publicado: |
Buenos Aires :
El Ateneo,
2004.
|
| Materias: | |
| Etiquetas: |
Agregar Etiqueta
Sin Etiquetas, Sea el primero en etiquetar este registro!
|
| LEADER | 00817nam a22001815a 4500 | ||
|---|---|---|---|
| 001 | CEM.cems019984 | ||
| 008 | 230412s2004####ag############000#0#und#d | ||
| 005 | 20230412102011.0 | ||
| 245 | 1 | 0 | |a Agronegocios : |b empresa y emprendimiento / |c Manuel Alvarado Ledesma. |
| 260 | |a Buenos Aires : |b El Ateneo, |c 2004. | ||
| 300 | |a 220 p. ; |c 23 cm. | ||
| 505 | 0 | |a Evolución del pensamiento de los agronegocios -- Marco teórico de los agronegocios -- La realidad económina en los agronegocios -- La industrialización en la agricultura -- Comercialización -- Los clusters -- Actitud empresarial y ambiente institucional | |
| 020 | |a 9500236508 | ||
| 100 | 1 | |a Alvarado Ledesma Manuel. | |
| 653 | |a Empresa Agrícola | ||
| 653 | |a Agronegocios | ||
| 653 | |a Administración | ||
| 859 | |a CEMS |b BIB. CEMS - Agricultura |h 338.1 |i Al861 |p A3489.23 |t Ej.1 | ||
